[Event "40th Olympiad Women"]
[Site "Istanbul TUR"]
[Date "2012.08.31"]
[Round "4.18"]
[Board "3"]
[White "Vega Gutierrez, Sabrina"]
[Black "Schnegg, Anna-Lena"]
[Result "1-0"]
[WhiteTitle "WGM"]
[WhiteElo "2355"]
[BlackElo "2088"]
[WhiteTeam "Spain"]
[BlackTeam "Austria"]
[WhiteFideId "2219026"]
[BlackFideId "1625268"]
[EventDate "2012.08.28"]

1. e4 e5 2. Nf3 Nc6 3. Bb5 Nf6 4. O-O Nxe4 5. d4 Nd6 6. dxe5 Nxb5 7. a4 Nbd4 8.
Nxd4 d5 9. exd6 Nxd4 10. Qxd4 Qxd6 11. Qe4+ Qe6 12. Qd4 Qd6 13. Qc3 Be6 14. Na3
O-O-O 15. Bg5 f6 16. Nb5 Qc5 17. Bxf6 gxf6 18. Qxf6 Bh3 19. gxh3 Rg8+ 20. Kh1
Qd5+ 21. f3 Bc5 22. Qf4 Rd7 23. b4 Rf7 24. Nxc7 Qd7 25. Qe4 Qd2 26. f4 Re7 27.
Qd5 Rd8 28. Qxc5 Rxc7 29. Qf5+ Kb8 30. Rad1 Qxd1 31. Rxd1 Rxd1+ 32. Kg2 Rd2+ 33.
Kg3 Rdxc2 34. b5 b6 35. Qe5 Rc3+ 36. Kg4 Rc4 37. Qe8+ Kb7 38. a5 bxa5 39. Qe6 a4
40. Qa6+ Kb8 41. Qd6 Rc5 42. f5 a3 43. f6 Rc4+ 44. Kh5 Rc5+ 45. Kh6 a2 46. f7
a1=Q 47. f8=Q+ Kb7 48. Qf3+ Kb8 49. Qff8+ Kb7 50. Qxc5 Rxc5 51. Qxc5 Qf6+ 52.
Kxh7 Qf7+ 53. Kh6 Qe6+ 54. Kg5 Qxh3 55. Qc6+ Kb8 56. Qd6+ Kb7 57. Qd5+ Kc7 58.
Qe5+ Kb7 59. Qe4+ Kc7 60. Qe5+ Kb7 61. Kf6 Qh8+ 62. Ke6 Qe8+ 63. Kd6 Qb8+ 64.
Kd5 Qg8+ 65. Kc5 Qf8+ 66. Qd6 Qf2+ 67. Kc4 Qe2+ 68. Kb4 Qb2+ 69. Kc5 Qf2+ 70.
Kd5 Qd2+ 71. Ke6 Qe2+ 72. Qe5 Qg4+ 73. Kd6 Qb4+ 74. Kd7 Qc4 75. h4 Qf7+ 76. Qe7
Qf5+ 77. Kd6+ Kb6 78. Qe3+ Ka5 79. Qxa7+ Kb4 80. Qd4+ Ka3 81. Qc5+ 1-0

[Event "40th Olympiad Women"]
[Site "Istanbul TUR"]
[Date "2012.08.31"]
[Round "4.18"]
[Board "4"]
[White "Newrkla, Katharina"]
[Black "Calzetta Ruiz, Monica"]
[Result "1/2-1/2"]
[WhiteTitle "WFM"]
[BlackTitle "WGM"]
[WhiteElo "2165"]
[BlackElo "2276"]
[WhiteTeam "Austria"]
[BlackTeam "Spain"]
[WhiteFideId "1621629"]
[BlackFideId "2204185"]
[EventDate "2012.08.28"]

1. e4 c5 2. Nf3 Nc6 3. d4 cxd4 4. Nxd4 g6 5. c4 Nf6 6. Nc3 d6 7. Be2 Nxd4 8.
Qxd4 Bg7 9. Be3 O-O 10. Qd2 a5 11. Rd1 Bd7 12. O-O Bc6 13. f3 a4 14. c5 dxc5 15.
Qxd8 Rfxd8 16. Bxc5 Kf8 17. Rxd8+ Rxd8 18. Rd1 Rxd1+ 19. Bxd1 Nd7 20. Bb4 Nb6
21. Bc5 Nd7 22. Bb4 Bd4+ 23. Kf1 Nb6 24. Be2 Ke8 25. Bd3 Kd7 26. Ke2 Na8 27. Bc2
b5 28. Bd3 Nc7 29. Ba5 Ne6 30. Bxb5 Bxb5+ 31. Nxb5 Bxb2 32. Bc3 Bc1 33. Bd2 Nf4+
34. Kd1 Bxd2 35. Kxd2 Nxg2 36. Nc3 Nh4 37. Ke3 a3 38. Nb5 g5 39. Nxa3 Kc6 40.
Nc2 Kc5 41. Kf2 f5 42. exf5 Nxf5 43. Ne3 Nd4 44. Ng4 Nc2 45. Nh6 Nb4 46. a3 Nc2
47. a4 Kb4 48. Nf7 Kxa4 49. Nxg5 h6 50. Nf7 h5 51. Kg3 Nd4 52. Ne5 Kb5 53. Ng6
e6 54. Nf4 Nf5+ 55. Kf2 Ng7 56. Ke3 Kc5 57. Ke4 Kd6 58. Ng6 Nf5 59. Kf4 Nd4 60.
Nh4 e5+ 61. Kg5 e4 62. fxe4 Ke5 63. Kxh5 Kxe4 64. Kg4 Ke5 65. Kg5 Ne6+ 66. Kg4
Kf6 67. Nf3 Ng7 68. h4 Kg6 69. Ne5+ 1/2-1/2

[Event "40th Olympiad Women"]
[Site "Istanbul TUR"]
[Date "2012.08.31"]
[Round "4.19"]
[Board "1"]
[White "Pham, Le Thao Nguyen"]
[Black "Cmilyte, Viktorija"]
[Result "1/2-1/2"]
[WhiteTitle "WGM"]
[BlackTitle "GM"]
[WhiteElo "2393"]
[BlackElo "2520"]
[WhiteTeam "Vietnam"]
[BlackTeam "Lithuania"]
[WhiteFideId "12401226"]
[BlackFideId "12801259"]
[EventDate "2012.08.28"]

1. Nf3 g6 2. c4 f5 3. g3 Nf6 4. b3 d6 5. d4 Bg7 6. Bb2 O-O 7. Bg2 c6 8. O-O a5
9. Nc3 Na6 10. Qc2 Qc7 11. Rad1 Re8 12. d5 Nc5 13. Nd4 Bd7 14. Rfe1 e5 15. dxe6
Bxe6 16. Nxe6 Rxe6 17. e3 Ng4 18. Re2 Rae8 19. h3 Nf6 20. Red2 Bh6 21. Kh2 Bf8
22. Ba3 Nfd7 23. Bb2 Nf6 24. Ba3 Qb6 25. Rd4 Qc7 26. R4d2 Nfd7 27. Bb2 Bg7 28.
Kg1 Nf6 29. Ba3 Qe7 30. Kh2 Qc7 31. Kg1 1/2-1/2

[Event "40th Olympiad Women"]
[Site "Istanbul TUR"]
[Date "2012.08.31"]
[Round "4.19"]
[Board "2"]
[White "Daulyte, Deimante"]
[Black "Nguyen, Thi Mai Hung"]
[Result "1/2-1/2"]
[WhiteTitle "WGM"]
[BlackTitle "WIM"]
[WhiteElo "2216"]
[BlackElo "2212"]
[WhiteTeam "Lithuania"]
[BlackTeam "Vietnam"]
[WhiteFideId "12802859"]
[BlackFideId "12401676"]
[EventDate "2012.08.28"]

1. e4 c5 2. Nf3 g6 3. d4 cxd4 4. Nxd4 Nc6 5. Nc3 Bg7 6. Be3 Nf6 7. Nxc6 bxc6 8.
e5 Ng8 9. Bd4 Qc7 10. f4 f6 11. exf6 Nxf6 12. Qd2 O-O 13. Bc4+ Kh8 14. O-O d5
15. Be2 Bf5 16. Bf3 Rad8 17. Rae1 Rfe8 18. Kh1 Kg8 19. Qf2 Qb7 20. Rb1 a5 21.
Rfe1 Rd6 22. a3 Re6 23. Rxe6 Bxe6 24. Na4 Bf5 25. Nc5 Qc8 26. Qd2 Qc7 27. Re1
Kf7 28. Qe3 Qc8 29. Qc3 Qc7 30. Be5 Qb6 31. g4 Ne4 32. Nxe4 Bxe4 33. Bxe4 Bxe5
34. fxe5 dxe4 35. Rf1+ Kg8 36. Qc4+ e6 37. Qxe4 Rf8 38. Rxf8+ Kxf8 39. Qf3+ Kg8
40. Qb3 Qd4 41. Qxe6+ Kg7 42. Qf6+ Kg8 43. c3 Qxg4 44. Qd8+ Kf7 45. Qd4 Qe2 46.
Qf4+ Kg8 47. a4 Qxb2 48. Qc4+ Kg7 49. Qd4 Kg8 50. Qd8+ Kg7 51. Qd7+ Kg8 52. Qd8+
Kg7 53. Qf6+ Kg8 54. e6 Qc1+ 55. Kg2 Qd2+ 56. Kf3 Qd3+ 57. Kf4 Qc4+ 58. Ke3 Qc5+
59. Qd4 Qg5+ 60. Kd3 Qf5+ 61. Kd2 Qxe6 62. Qd8+ Kg7 63. Qxa5 Qd6+ 64. Kc1 Qxh2
65. Qa7+ Kf6 66. a5 Qf4+ 67. Kc2 Ke6 68. Qb6 Kd7 69. a6 Qe4+ 70. Kb2 Qe2+ 71.
Ka3 Qc2 72. Qb7+ Kd6 73. Qb8+ Kd7 74. Qb7+ Kd6 75. Qb8+ Kd7 76. Qb7+ 1/2-1/2

[Event "40th Olympiad Women"]
[Site "Istanbul TUR"]
[Date "2012.08.31"]
[Round "4.19"]
[Board "3"]
[White "Le, Kieu Thien Kim"]
[Black "Kaspute, Vesta"]
[Result "1-0"]
[WhiteTitle "WIM"]
[BlackTitle "WFM"]
[WhiteElo "2226"]
[BlackElo "2118"]
[WhiteTeam "Vietnam"]
[BlackTeam "Lithuania"]
[WhiteFideId "12400572"]
[BlackFideId "12802310"]
[EventDate "2012.08.28"]

1. d4 Nf6 2. Nf3 g6 3. Bf4 Bg7 4. e3 d6 5. h3 O-O 6. Be2 b6 7. O-O Bb7 8. a4 a6
9. c3 Nbd7 10. Nbd2 Qe8 11. Nc4 Ne4 12. Bh2 e5 13. dxe5 dxe5 14. Qb1 Qe7 15. Rd1
Rad8 16. Qa2 Ng5 17. Ne1 Qe6 18. h4 Ne4 19. Nd3 a5 20. Ncxe5 Qxa2 21. Rxa2 Nxe5
22. Nxe5 Rxd1+ 23. Bxd1 Rd8 24. Ra1 Rd2 25. f3 Nd6 26. b4 Nf5 27. Nc4 Rd3 28.
bxa5 Rxc3 29. Ne5 Rxe3 30. f4 Nxh4 31. Rc1 Bxe5 32. fxe5 bxa5 33. Kf2 Rd3 34.
Bf4 Nf5 35. Bg5 Rd7 36. Bf6 Rd2+ 37. Ke1 Rd7 38. Rb1 c5 39. Bf3 Nd4 40. Bxb7
Nc2+ 41. Ke2 Nb4 42. Rd1 Rxd1 43. Kxd1 Kf8 44. Kd2 Ke8 45. Kc3 Kd7 46. Kc4 Kc7
47. Bd5 Nc2 48. Kxc5 1-0

[Event "40th Olympiad Women"]
[Site "Istanbul TUR"]
[Date "2012.08.31"]
[Round "4.19"]
[Board "4"]
[White "Ziogaite, Jovita"]
[Black "Hoang, Thi Nhu Y"]
[Result "0-1"]
[BlackTitle "WIM"]
[WhiteElo "2052"]
[BlackElo "2228"]
[WhiteTeam "Lithuania"]
[BlackTeam "Vietnam"]
[WhiteFideId "12802573"]
[BlackFideId "12401455"]
[EventDate "2012.08.28"]

1. e4 e6 2. d3 d5 3. Nd2 c5 4. Ngf3 Nc6 5. g3 Nf6 6. Bg2 Be7 7. O-O O-O 8. e5
Nd7 9. Re1 b5 10. Nf1 f6 11. exf6 Bxf6 12. Ne3 Nb6 13. Ng4 Bd7 14. Rb1 b4 15.
Bf4 c4 16. h4 cxd3 17. Qxd3 Na4 18. Ng5 Bxg5 19. hxg5 Rc8 20. Bf3 Be8 21. Kg2
Bg6 22. Qe3 Re8 23. Qd2 Nc5 24. Rbd1 Ne4 25. Bxe4 Bxe4+ 26. f3 Bf5 27. Ne3 Bg6
28. g4 d4 29. Nc4 e5 30. Bg3 Qd5 31. Ne3 Qf7 32. Nf5 Bxf5 33. gxf5 Qxf5 34. Re4
Rf8 35. Rf1 Qg6 36. Rf2 Rf5 37. Rg4 Ne7 38. Qxb4 Nd5 39. Qb3 Qf7 40. Kg1 Ne3 41.
Qxf7+ Kxf7 42. g6+ hxg6 43. Re4 Rg5 44. Kh2 Rh8+ 45. Rh4 Rxh4+ 0-1

[Event "40th Olympiad Women"]
[Site "Istanbul TUR"]
[Date "2012.08.31"]
[Round "4.20"]
[Board "1"]
[White "Munoz, Carolina"]
[Black "Sedina, Elena"]
[Result "0-1"]
[WhiteTitle "WIM"]
[BlackTitle "IM"]
[WhiteElo "1981"]
[BlackElo "2338"]
[WhiteTeam "Costa Rica"]
[BlackTeam "Italy"]
[WhiteFideId "6500579"]
[BlackFideId "812153"]
[EventDate "2012.08.28"]

1. e4 c5 2. Nc3 e6 3. g3 d5 4. d3 Nf6 5. Bg2 Be7 6. exd5 exd5 7. Nge2 d4 8. Ne4
Nxe4 9. Bxe4 Nd7 10. O-O O-O 11. Nf4 Nf6 12. Bg2 Bg4 13. Qd2 Rb8 14. h3 Bd7 15.
Kh2 Qc8 16. Qd1 Bc6 17. Re1 Re8 18. Bd2 Bd6 19. Rxe8+ Qxe8 20. Qh1 Bxg2 21. Qxg2
Qd7 22. Re1 b5 23. Qf3 Qb7 24. Qxb7 Rxb7 25. Kg2 Kf8 26. Kf3 b4 27. g4 Rb6 28.
g5 Ne8 29. Nd5 Ra6 30. Ra1 Nc7 31. Nxc7 Bxc7 32. a4 f6 33. b3 fxg5 34. Bxg5 h6
35. Bh4 Re6 36. Bg3 Bd8 37. Rd1 Bg5 38. h4 Be7 39. Rd2 Kf7 40. Re2 Rxe2 41. Kxe2
Ke6 42. f4 Kf5 43. Kf3 g6 44. Be1 Bd8 45. Bf2 Bc7 46. Bg3 Bd6 47. h5 g5 48. fxg5
Bxg3 49. Kxg3 Kxg5 50. Kf3 Kxh5 51. Ke4 Kg4 52. Kd5 h5 53. Kxc5 h4 54. Kxb4 h3
55. Kc4 h2 56. Kxd4 h1=Q 57. Kc5 Qd1 0-1

[Event "40th Olympiad Women"]
[Site "Istanbul TUR"]
[Date "2012.08.31"]
[Round "4.20"]
[Board "2"]
[White "Brunello, Marina"]
[Black "Gamboa Alvarado, Leticia"]
[Result "1/2-1/2"]
[WhiteTitle "WIM"]
[WhiteElo "2239"]
[BlackElo "1890"]
[WhiteTeam "Italy"]
[BlackTeam "Costa Rica"]
[WhiteFideId "822590"]
[BlackFideId "6502270"]
[EventDate "2012.08.28"]

1. e4 d6 2. d4 Nf6 3. Nc3 g6 4. Be3 Bg7 5. Qd2 Nbd7 6. Nf3 c6 7. Bd3 Qc7 8. a4
b6 9. O-O O-O 10. Rfe1 c5 11. a5 cxd4 12. Nxd4 a6 13. axb6 Nxb6 14. Qe2 Ng4 15.
Bxa6 Nxe3 16. fxe3 Qc5 17. Red1 Bxa6 18. Rxa6 Rxa6 19. Qxa6 Nc4 20. b4 Qc8 21.
Qxc8 Rxc8 22. Kf2 Nxe3 23. Kxe3 Rxc3+ 24. Rd3 Bxd4+ 25. Kxd4 Rxc2 26. Rb3 Kf8
27. e5 dxe5+ 28. Kxe5 Ke8 29. b5 Kd7 30. Kd5 Rxg2 31. b6 Rd2+ 32. Kc5 Rc2+ 33.
Kb5 Kc8 34. Ra3 Rxh2 35. Ka6 Kb8 36. Rd3 Ra2+ 37. Kb5 Rc2 38. Rd7 Re2 39. Kc6
Re6+ 40. Kb5 Kc8 41. Ra7 h5 42. Ra8+ Kb7 43. Ra7+ Kb8 44. Ka6 h4 45. Rd7 Kc8 46.
Rd4 g5 47. Ka7 Rxb6 48. Kxb6 h3 49. Rd2 g4 50. Kc6 g3 51. Ra2 Kb8 52. Rb2+ Kc8
53. Ra2 Kb8 54. Rb2+ Kc8 55. Ra2 1/2-1/2

[Event "40th Olympiad Women"]
[Site "Istanbul TUR"]
[Date "2012.08.31"]
[Round "4.20"]
[Board "3"]
[White "Acevedo Mendez, Lisseth"]
[Black "De Rosa, Mariagrazia"]
[Result "1-0"]
[BlackTitle "WFM"]
[WhiteElo "1843"]
[BlackElo "2087"]
[WhiteTeam "Costa Rica"]
[BlackTeam "Italy"]
[WhiteFideId "6502938"]
[BlackFideId "815136"]
[EventDate "2012.08.28"]

1. e4 c5 2. Nf3 e6 3. d4 cxd4 4. Nxd4 Nf6 5. Nc3 d6 6. Bd3 Nc6 7. Nb3 Be7 8. O-O
O-O 9. Be3 Rb8 10. a4 b6 11. Bb5 Bb7 12. f3 a6 13. Bxc6 Bxc6 14. Qe2 Bb7 15. Qf2
Nd7 16. Rfd1 Qc7 17. Rd2 Bc8 18. f4 Nc5 19. f5 Nd7 20. Bf4 Ne5 21. Bxe5 dxe5 22.
fxe6 fxe6 23. Qg3 b5 24. h3 b4 25. Ne2 Bb7 26. Qg4 Rf6 27. Rad1 Bc6 28. a5 Rbf8
29. Nec1 Rf4 30. Qxe6+ Kh8 31. Qc4 Qa7+ 32. Kh2 Bxe4 33. Nd3 Bxd3 34. Qxd3 Bh4
35. c4 bxc3 36. Qxc3 Qe7 37. Nc5 Qg5 38. Ne6 Qf5 39. Nxf8 Rf1 40. Rxf1 Qxf1 41.
Qf3 Qe1 42. Ne6 Bg3+ 43. Qxg3 1-0

[Event "40th Olympiad Women"]
[Site "Istanbul TUR"]
[Date "2012.08.31"]
[Round "4.20"]
[Board "4"]
[White "Barbiso, Tiziana"]
[Black "Rodriguez Arrieta, Maria Elena"]
[Result "0-1"]
[WhiteElo "2048"]
[BlackElo "1738"]
[WhiteTeam "Italy"]
[BlackTeam "Costa Rica"]
[WhiteFideId "809098"]
[BlackFideId "6502911"]
[EventDate "2012.08.28"]

1. e4 e5 2. Nf3 Nc6 3. d4 exd4 4. Nxd4 Bc5 5. Nxc6 Qf6 6. Qd2 dxc6 7. Nc3 Bd4 8.
Na4 Ne7 9. c3 Be5 10. Qg5 Qd6 11. f4 Bf6 12. e5 Qe6 13. Qg3 Nf5 14. Qd3 Be7 15.
b3 Qd5 16. Qxd5 cxd5 17. Bd2 Bd7 18. Nb2 Bc5 19. O-O-O O-O-O 20. Re1 h5 21. Nd1
c6 22. g3 d4 23. Bd3 Be6 24. Be4 Rd7 25. c4 Bb6 26. Nb2 Ne7 27. Nd3 Bf5 28. c5
Bxe4 29. Rxe4 Bc7 30. Ree1 Nf5 31. Nf2 Rd5 32. Ne4 Re8 33. b4 b6 34. Nd6+ Bxd6
35. cxd6 c5 36. bxc5 bxc5 37. Rhg1 c4 38. Bb4 Rb5 39. Ba3 Ra5 40. Kb2 Kd7 41.
Bb4 Rb8 42. a3 Rab5 43. Ka1 a5 44. Bd2 c3 45. Bxc3 dxc3 46. Rc1 Rb3 47. Ka2 Rb2+
48. Ka1 c2 49. Rge1 Ne3 50. h3 Nd1 51. Rexd1 cxd1=Q 52. Rxd1 Rg2 53. f5 Re8 0-1

[Event "40th Olympiad Women"]
[Site "Istanbul TUR"]
[Date "2012.08.31"]
[Round "4.21"]
[Board "3"]
[White "Yanjindulam, Dulamsuren"]
[Black "Andersson, Christin"]
[Result "1-0"]
[WhiteTitle "WIM"]
[BlackTitle "WIM"]
[WhiteElo "2232"]
[BlackElo "2074"]
[WhiteTeam "Mongolia"]
[BlackTeam "Sweden"]
[WhiteFideId "4900952"]
[BlackFideId "1702947"]
[EventDate "2012.08.28"]

1. e4 e5 2. Nf3 d6 3. d4 exd4 4. Nxd4 Nf6 5. Nc3 Be7 6. Nde2 O-O 7. g3 Nc6 8.
Bg2 Re8 9. O-O Be6 10. h3 Qd7 11. Kh2 Rad8 12. f4 Bc4 13. b3 Ba6 14. Re1 Kh8 15.
Bb2 Ng8 16. Nd5 Bf8 17. c4 Nge7 18. a3 f5 19. Qc2 Nxd5 20. exd5 Ne7 21. Nd4 c6
22. Ne6 Rc8 23. dxc6 bxc6 24. Rad1 Rb8 25. Qc3 Ng8 26. Nxf8 Rxf8 27. Rxd6 Qf7
28. Bxc6 Nf6 29. Rde6 Rb6 30. Re7 Qg6 31. Bf3 Rd6 32. R1e6 Rxe6 33. Rxe6 Bc8 34.
Re7 a6 35. Qd4 Re8 36. Qd6 Rg8 37. c5 a5 38. Bd5 Rf8 39. Bxf6 Qxf6 40. Qxf6 gxf6
41. h4 Rd8 42. Bc4 Rd2+ 43. Re2 Rd8 44. c6 Kg7 45. Re7+ Kh6 46. Kg2 Rd6 47. Bg8
Kh5 48. Rxh7+ Kg4 49. Rg7+ Kh5 50. Kh3 Rxc6 51. Rh7+ 1-0

[Event "40th Olympiad Women"]
[Site "Istanbul TUR"]
[Date "2012.08.31"]
[Round "4.21"]
[Board "4"]
[White "Fransson, Angelina"]
[Black "Otgonjargal, Sengeravdan"]
[Result "0-1"]
[BlackTitle "WFM"]
[WhiteElo "1968"]
[BlackElo "2146"]
[WhiteTeam "Sweden"]
[BlackTeam "Mongolia"]
[WhiteFideId "1712632"]
[BlackFideId "4900790"]
[EventDate "2012.08.28"]

1. e4 e5 2. Nf3 Nc6 3. d4 exd4 4. Bc4 Nf6 5. e5 d5 6. Bb5 Ne4 7. Nxd4 Bd7 8.
Bxc6 bxc6 9. O-O c5 10. Ne2 c6 11. f3 Ng5 12. Nd2 f5 13. exf6 Qxf6 14. f4 Nf7
15. c4 Be7 16. Nc3 d4 17. Nce4 Qg6 18. Ng3 Nd6 19. Nf3 O-O 20. Re1 Qe8 21. b4
cxb4 22. Nxd4 Nf5 23. Ngxf5 Bxf5 24. Bb2 Rd8 25. Qf3 Rd6 26. Qe2 Rd7 27. Nxf5
Rxf5 28. Kh1 Qf7 29. Qg4 h5 30. Qh3 Bf8 31. Be5 Qg6 32. Rad1 Rxd1 33. Rxd1 Rf7
34. Qf3 Bc5 35. g3 h4 36. Kg2 Qc2+ 37. Kh1 Qg6 38. Qd3 Qg4 39. Kg2 h3+ 40. Kf1
Rd7 0-1

[Event "40th Olympiad Women"]
[Site "Istanbul TUR"]
[Date "2012.08.31"]
[Round "4.22"]
[Board "1"]
[White "Zozulia, Anna"]
[Black "Vojinovic, Jovana"]
[Result "1/2-1/2"]
[WhiteTitle "IM"]
[BlackTitle "WGM"]
[WhiteElo "2346"]
[BlackElo "2337"]
[WhiteTeam "Belgium"]
[BlackTeam "Montenegro"]
[WhiteFideId "14102110"]
[BlackFideId "937266"]
[EventDate "2012.08.28"]

1. e4 e6 2. d4 d5 3. Nd2 Nf6 4. e5 Nfd7 5. Bd3 c5 6. c3 Nc6 7. Ne2 cxd4 8. cxd4
Nb6 9. O-O Bd7 10. Nf3 Be7 11. Ng3 h5 12. Bd2 Nb4 13. Bb1 Ba4 14. b3 Bb5 15. Re1
a5 16. a3 Nc6 17. a4 Ba6 18. Ne2 g5 19. Bc3 Nd7 20. Nc1 Qb6 21. Kh1 g4 22. Ng1
O-O-O 23. Bd3 Bxd3 24. Qxd3 h4 25. Qb5 Kc7 26. Qxb6+ Kxb6 27. Nd3 Rc8 28. Ne2
Nb4 29. Bxb4 axb4 30. Rac1 Nb8 31. Rxc8 Rxc8 32. Rc1 Rxc1+ 33. Ndxc1 Bg5 34. h3
gxh3 35. f4 hxg2+ 36. Kxg2 Be7 37. Nd3 Na6 38. Kh3 f5 39. Ne1 Nb8 40. Nf3 Kc7
41. Ng5 Kd7 42. Kxh4 Nc6 43. Kh5 Bd8 44. Kg6 Ke7 45. Kg7 Bb6 46. Nf3 Ba7 47. Kg6
Na5 48. Nc1 Nc6 49. Ne2 Na5 50. Nc1 Nc6 51. Ne2 1/2-1/2

[Event "40th Olympiad Women"]
[Site "Istanbul TUR"]
[Date "2012.08.31"]
[Round "4.22"]
[Board "2"]
[White "Milovic, Aleksandra"]
[Black "Goossens, Hanne"]
[Result "0-1"]
[WhiteTitle "WFM"]
[WhiteElo "2181"]
[BlackElo "1998"]
[WhiteTeam "Montenegro"]
[BlackTeam "Belgium"]
[WhiteFideId "933988"]
[BlackFideId "200468"]
[EventDate "2012.08.28"]

1. e4 c5 2. Nf3 d6 3. d4 cxd4 4. Nxd4 Nf6 5. Nc3 g6 6. Be3 Bg7 7. f3 O-O 8. Qd2
Nc6 9. Bc4 Bd7 10. O-O-O Rc8 11. Bb3 Ne5 12. Kb1 Re8 13. h4 h5 14. Bh6 Nc4 15.
Bxc4 Rxc4 16. Bxg7 Kxg7 17. g4 hxg4 18. h5 Rh8 19. hxg6 fxg6 20. f4 e5 21. fxe5
dxe5 22. Nde2 Rh3 23. Qg5 Qe7 24. Rdg1 Nd5 25. Qd2 Nxc3+ 26. Nxc3 Rd4 27. Qg2
Qf6 28. Rf1 Rf3 29. Rhg1 Be6 30. Rd1 Rf2 31. Qg3 Rxd1+ 32. Rxd1 Rf1 33. b3 Rxd1+
34. Nxd1 Qf4 35. Qd3 g3 36. Ne3 Bh3 37. Qc3 Qxe4 38. Qc7+ Kh6 39. Qc5 Qf4 40.
Qxa7 Qd4 0-1

[Event "40th Olympiad Women"]
[Site "Istanbul TUR"]
[Date "2012.08.31"]
[Round "4.22"]
[Board "3"]
[White "Barbier, Wiebke"]
[Black "Blagojevic, Tijana"]
[Result "0-1"]
[WhiteElo "1952"]
[BlackElo "2004"]
[WhiteTeam "Belgium"]
[BlackTeam "Montenegro"]
[WhiteFideId "207977"]
[BlackFideId "16500270"]
[EventDate "2012.08.28"]

1. e4 e5 2. Nf3 Nc6 3. d3 Nf6 4. Be2 d5 5. Nbd2 Bc5 6. O-O O-O 7. c3 a5 8. b3
Re8 9. Bb2 h6 10. Re1 Ba7 11. h3 dxe4 12. dxe4 Nh5 13. Qc2 Nf4 14. Bb5 Qf6 15.
Bf1 Qg6 16. g4 h5 17. Nh4 Qf6 18. Nf5 hxg4 19. hxg4 Qg5 20. Qd1 Rd8 21. Bc1 g6
22. Ne3 Kg7 23. Qf3 Rh8 24. Qg3 Bxe3 25. Rxe3 Bxg4 26. Re1 Qh5 27. f3 Qh1+ 28.
Kf2 Be6 29. Nc4 Rh2+ 30. Ke3 Qxf1 31. Nxe5 Qxe1+ 32. Qxe1 Ng2+ 33. Kf2 Nxe1+ 34.
Kxe1 Nxe5 35. Bf4 Nd3+ 0-1

[Event "40th Olympiad Women"]
[Site "Istanbul TUR"]
[Date "2012.08.31"]
[Round "4.23"]
[Board "1"]
[White "Perena, Catherine"]
[Black "Real Pereyra, Diana Carime"]
[Result "1-0"]
[WhiteTitle "WIM"]
[BlackTitle "WFM"]
[WhiteElo "2091"]
[BlackElo "2075"]
[WhiteTeam "Philippines"]
[BlackTeam "Mexico"]
[WhiteFideId "5202744"]
[BlackFideId "5104106"]
[EventDate "2012.08.28"]

1. d4 Nf6 2. c4 e6 3. Nf3 Bb4+ 4. Bd2 Qe7 5. Qc2 Bxd2+ 6. Nbxd2 d6 7. e4 e5 8.
d5 a5 9. Be2 O-O 10. O-O Na6 11. a3 Bd7 12. Ne1 Nc5 13. Bf3 g6 14. b3 Ne8 15.
Rb1 f5 16. b4 axb4 17. axb4 Na6 18. Nd3 Nf6 19. Rfe1 f4 20. b5 Nc5 21. Nxc5 dxc5
22. b6 c6 23. Ra1 g5 24. Qc3 g4 25. Be2 Rxa1 26. Rxa1 Qg7 27. f3 g3 28. hxg3
fxg3 29. Qxe5 Re8 30. Qc3 cxd5 31. cxd5 Nxd5 32. Qxg7+ Kxg7 33. Ra7 Bc6 34. exd5
Bxd5 35. Kf1 Re6 36. Bc4 1-0

[Event "40th Olympiad Women"]
[Site "Istanbul TUR"]
[Date "2012.08.31"]
[Round "4.23"]
[Board "2"]
[White "Garcia Morales, Ivette Ale"]
[Black "Jose, Rulp Ylem"]
[Result "1-0"]
[BlackTitle "WFM"]
[WhiteElo "2014"]
[BlackElo "2061"]
[WhiteTeam "Mexico"]
[BlackTeam "Philippines"]
[WhiteFideId "5105994"]
[BlackFideId "5205026"]
[EventDate "2012.08.28"]

1. d4 d5 2. Nf3 Nf6 3. c4 c6 4. Nc3 e6 5. g3 Nbd7 6. Bg2 Be7 7. O-O O-O 8. b3 b6
9. Qc2 Ba6 10. Rd1 b5 11. Ne5 Nxe5 12. dxe5 Nd7 13. cxd5 cxd5 14. Bb2 Qb6 15. e4
Rac8 16. Qd2 Nxe5 17. Nxd5 exd5 18. Bxe5 dxe4 19. Bxe4 Rfd8 20. Qf4 Bb7 21.
Rxd8+ Rxd8 22. Bc7 Qd4 23. Re1 Rd7 24. Ba5 Bxe4 25. Rxe4 Qf6 26. Qb8+ Bf8 27.
Re8 Rd1+ 28. Be1 Rxe1+ 29. Rxe1 Qc3 30. Re3 Qa1+ 31. Kg2 Qxa2 32. Qxb5 Qd2 33.
Qb7 a5 34. Re8 Qd6 35. Qa8 Qc5 36. Rc8 Qb4 37. Rb8 Qc5 38. h4 h6 39. g4 Qd6 40.
Rd8 Qb4 41. Qf3 a4 42. bxa4 Qxa4 43. Ra8 Qd7 44. Qe4 Qd6 45. g5 hxg5 46. hxg5
Qc5 47. f4 Qd6 48. Kg3 Qc5 49. Ra2 Qc3+ 50. Kg4 Qc8+ 51. Kh4 Qc5 52. f5 Qd6 53.
Re2 Qb6 54. g6 Qf6+ 55. Kg4 Kh8 56. Qh1+ 1-0

[Event "40th Olympiad Women"]
[Site "Istanbul TUR"]
[Date "2012.08.31"]
[Round "4.23"]
[Board "3"]
[White "Frayna, Janelle Mae"]
[Black "Mendoza Velazquez, Lorena Alejan"]
[Result "1-0"]
[BlackTitle "WIM"]
[WhiteElo "1991"]
[BlackElo "1993"]
[WhiteTeam "Philippines"]
[BlackTeam "Mexico"]
[WhiteFideId "5212499"]
[BlackFideId "5101794"]
[EventDate "2012.08.28"]

1. c4 c5 2. g3 Nc6 3. Bg2 g6 4. Nc3 Bg7 5. Nf3 d6 6. O-O e5 7. a3 a5 8. Ne1 Nge7
9. Nc2 O-O 10. Ne3 Be6 11. Rb1 f5 12. d3 Kh8 13. Ned5 h6 14. Bd2 Kh7 15. b4 Rb8
16. Nxe7 Qxe7 17. Nd5 Qd8 18. bxa5 Bxd5 19. Bxd5 Nxa5 20. Rb5 Nc6 21. e3 Qc7 22.
Qb3 f4 23. Rb1 fxg3 24. hxg3 Nd8 25. a4 Qd7 26. a5 Nf7 27. Rxb7 Rxb7 28. Qxb7
Qf5 29. Be4 Qf6 30. Be1 Ng5 31. Bg2 e4 32. dxe4 Rf7 33. Qd5 Nf3+ 34. Bxf3 Qxf3
35. a6 Re7 36. Rb7 Re5 37. Qf7 Qxf7 38. Rxf7 Kg8 39. Rxg7+ Kxg7 40. Bc3 1-0

[Event "40th Olympiad Women"]
[Site "Istanbul TUR"]
[Date "2012.08.31"]
[Round "4.23"]
[Board "4"]
[White "Vazquez Flores, Janet Sarai"]
[Black "Fronda, Jan Jodilyn"]
[Result "0-1"]
[WhiteElo "1937"]
[BlackElo "2022"]
[WhiteTeam "Mexico"]
[BlackTeam "Philippines"]
[WhiteFideId "5117810"]
[BlackFideId "5204585"]
[EventDate "2012.08.28"]

1. e4 c5 2. Nc3 g6 3. f4 Bg7 4. Nf3 e6 5. e5 d5 6. exd6 Qxd6 7. Bb5+ Bd7 8.
Bxd7+ Nxd7 9. d3 Ne7 10. O-O O-O 11. Ne4 Qc7 12. Qe1 Nf5 13. c3 Nf6 14. h3 Rfd8
15. Ne5 Nd6 16. Ng4 Nfxe4 17. dxe4 f5 18. e5 Ne4 19. Nh2 Rd3 20. Rf3 Rad8 21.
Rxd3 Rxd3 22. Be3 Qd7 23. Nf3 Qd5 24. Qe2 Ng3 25. Qf2 Rd1+ 26. Rxd1 Qxd1+ 27.
Qe1 Qxe1+ 28. Nxe1 Ne4 29. Nd3 b6 30. Nf2 Ng3 31. Nd3 Kf7 32. Kf2 Ne4+ 33. Kf3
Ke7 34. g4 Kd7 35. Nf2 Nxf2 36. Bxf2 c4 37. b3 cxb3 38. axb3 Kc6 39. c4 Bf8 40.
g5 Bc5 41. Be1 b5 42. Ke2 bxc4 43. bxc4 Bg1 44. Kd3 Bh2 45. Bd2 Bg1 46. Bc3 Kb6
47. Bd2 a5 48. Kc3 Kc5 49. Bc1 a4 50. Ba3+ Kb6 51. Kb4 Be3 52. Kxa4 Bxf4 53. Bd6
Bxg5 54. Kb3 Be3 55. Be7 g5 56. Kc2 h5 57. Kd3 Bf4 58. Bd6 g4 59. hxg4 hxg4 60.
Ke2 Bg3 61. Kf1 f4 62. Kg2 Bh4 63. Ba3 f3+ 64. Kg1 g3 65. Kf1 Bg5 0-1